000 00420nam a22001697a 4500
003 NUST - PNEC
005 20170116180908.0
008 150902b xxu||||| |||| 00| 0 eng d
020 _a0333150171
040 _cLIBRARY
082 _a620.11 JOH
100 _96853
_aJohn, V. B.
245 _aIntroduction to engineering materials
_cV. B. John
260 _cc.1972
650 _96857
_aMaterials
_xME
942 _2ddc
_cBK
999 _c65181
_d65181